| 000 | 00355nam a22001457a 4500 | ||
|---|---|---|---|
| 020 | _a0-07-462210-2 | ||
| 041 | _aENG | ||
| 100 | _aKrishnamoorthy.C.S | ||
| 245 | _aFinite Element Anaalysis Theory and Programming | ||
| 250 | _aSecond Edition | ||
| 260 |
_aNew Delhi _bTta McGraw Hill _c2003 |
||
| 300 | _a710 | ||
| 650 | _aM.Tech | ||
| 856 | _uM.Tech ( 7 ) | ||
| 999 |
_c1013 _d1013 |
||